Výhra oboch strán mediácia v poisťovníctve

Mediácia definovaná zákonom č. 420/2004 Z. z. ako spôsob mimosúdneho riešenia sporov. Mediácia v krajinách Európskej únie. Výhody mediácie. Popis osobnosti mediátora. Mediácia voči klientom poisťovne. Mediačný audit.

Salvato in:
Dettagli Bibliografici
Autore principale: Kutlík, František
Natura: Capitolo di libro
Lingua:slovacco
Soggetti:
Tags: Aggiungi Tag
Nessun Tag, puoi essere il primo ad aggiungerne!!

MARC

LEADER 00000naa$a2200000$$$4500
001 0073333
005 20231107121449.0
041 0 |a slo 
044 |a SK 
245 1 0 |a Výhra oboch strán  |b mediácia v poisťovníctve  |c František Kutlík 
520 |a Mediácia definovaná zákonom č. 420/2004 Z. z. ako spôsob mimosúdneho riešenia sporov. Mediácia v krajinách Európskej únie. Výhody mediácie. Popis osobnosti mediátora. Mediácia voči klientom poisťovne. Mediačný audit. 
610 2 0 |a mediácia 
610 2 0 |a poisťovníctvo 
610 2 0 |a legislatíva 
610 2 0 |a spory súdne 
610 2 0 |a klienti 
100 1 |a Kutlík, František